[Event "RUS-ch Men Rapid 2019"]
[Site "Sochi"]
[Date "2019.10.16"]
[Round "9.4"]
[White "Bocharov, Dmitry"]
[Black "Golubov, Saveliy"]
[Result "1/2-1/2"]
[WhiteElo "2519"]
[BlackElo "2469"]
[Annotator "TA"]
[PlyCount "124"]
[EventDate "2019.10.15"]
[EventType "swiss"]
[EventCountry "RUS"]
[SourceTitle "playchess.com"]
[Source "ChessBase"]
[SourceQuality "1"]

{[%evp 20,124,25,0,50,48,53,53,64,54,85,50,43,45,63,71,67,58,110,108,132,108,184,188,216,191,330,324,361,371,406,413,514,508,512,522,509,493,489,489,672,656,655,579,703,704,677,697,689,683,708,702,725,720,745,641,618,614,776,753,667,565,565,564,551,542,631,437,433,431,433,431,507,502,523,510,483,425,497,502,511,502,510,422,413,222,210,216,195,218,209,0,0,0,0,0,0,0,0,0,0,0,0,0,0,0,0]} 1. d4 g6 2. g3 Bg7 3. Bg2 Nf6 4. e4 d6 5. Ne2 O-O 6. Nbc3 e5 7. h3 exd4 8. Nxd4 Nbd7 9. O-O Re8 10. Re1 Nc5 11. Nb3 Ncd7 {B07: Pirc Defence: Miscellaneous Systems} 12. Be3 Ne5 13. Qe2 Be6 {White is slightly better.} 14. Rad1 $146 ({Predecessor:} 14. Nd4 Bc4 15. Qd2 Nc6 16. Nxc6 bxc6 17. Rad1 Qc8 18. f4 h5 19. Kh2 {½-½ (39) Mozes,E (2415)-Tsarev,V (2415) Kiev 1989}) 14... Qc8 15. Kh2 Bc4 16. Qd2 Be6 17. Qc1 Nc4 18. Bg5 c5 ({Better is} 18... a5 $14) 19. Nd2 $16 Ne5 20. Nf1 Qb8 (20... h6 $16) 21. f4 $18 Nc6 22. Ne3 Nd4 {[#]} (22... Nh5 $142 23. Bh4 h6) 23. f5 $1 {[%mdl 512]} Bd7 (23... gxf5 24. exf5) 24. Ned5 Nh5 25. f6 Bf8 26. g4 Re5 27. gxh5 Ne6 28. hxg6 hxg6 29. Bh6 Rh5 30. Bxf8 Qxf8 31. Nf4 Rh4 32. Nxe6 Bxe6 33. Qg5 Rh5 34. Qg3 Qh6 35. Rxd6 Rg5 36. Qe3 Qh4 37. Rf1 Re8 38. Rf3 Rg4 39. Qd2 Kh7 40. Rd8 Rxd8 41. Qxd8 Rf4 {Black wants to play ...Rxf3.} 42. Qd3 Qxf6 43. Qe3 Rxf3 44. Qxf3 ({Don't do} 44. Bxf3 Kg7 $18) 44... Qd4 45. a3 b5 46. Qd3 Qe5+ 47. Qg3 Qd4 48. b3 b4 49. axb4 cxb4 50. Nd5 a5 51. Qe3 Qb2 52. Qd2 (52. Qc5 $142) 52... a4 53. bxa4 b3 {[#]} 54. Qc3 $1 {[%cal Rc3b2]} Qxc2 {aiming for ...Bxd5.} 55. Qd4 $2 ({Only move:} 55. Nf6+ $18 Kh6 56. Qd4) 55... Bxd5 $11 {The position is equal.} 56. Qxd5 ({Wrong is} 56. exd5 $2 b2 $19) 56... b2 57. Qxf7+ Kh6 58. Qf8+ Kh7 {White must now prevent ...Qc7+.} 59. Qf7+ Kh6 60. Qf8+ Kh7 {Strongly threatening ...Qc7+.} 61. Qf7+ Kh6 62. Qf8+ Kh7 {Accuracy: White = 78%, Black = 42%.} 1/2-1/2

[Event "RUS-ch Men Rapid 2019"]
[Site "Sochi"]
[Date "2019.10.16"]
[Round "9.5"]
[White "Antipov, Mikhail Al."]
[Black "Lugovskoy, Maxim"]
[Result "1-0"]
[WhiteElo "2567"]
[BlackElo "2436"]
[Annotator "ChessBase"]
[PlyCount "73"]
[EventDate "2019.10.15"]
[EventType "swiss"]
[EventCountry "RUS"]
[SourceTitle "playchess.com"]
[Source "ChessBase"]
[SourceQuality "1"]
[TimeControl "900+10"]

1. e4 {[%emt 0:00:00]} e6 {[%emt 0:00:00]} 2. d4 {[%emt 0:00:00]} d5 {[%emt 0:00:00]} 3. Nd2 {[%emt 0:00:00]} Nf6 {[%emt 0:00:00]} 4. e5 {[%emt 0:00:00]} Nfd7 {[%emt 0:00:00]} 5. Bd3 {[%emt 0:00:24]} c5 {[%emt 0:00:00]} 6. c3 {[%emt 0:00:01]} Nc6 {[%emt 0:00:01]} 7. Ngf3 {[%emt 0:00:01]} cxd4 {[%emt 0:00:04]} 8. cxd4 {[%emt 0:00:01]} Qb6 {[%emt 0:00:00]} 9. O-O {[%emt 0:00:02]} Nxd4 {[%emt 0:00:02]} 10. Nxd4 {[%emt 0:00:01]} Qxd4 {[%emt 0:00:01]} 11. Nf3 {[%emt 0:00:01]} Qb6 {[%emt 0:00:01]} 12. Qa4 {[%emt 0:00:01]} a6 {[%emt 0:00:03]} 13. a3 {[%emt 0:01:09]} g6 {[%emt 0:01:58]} 14. Be3 {[%emt 0:01:20]} Qd8 {[%emt 0:01:03]} 15. Rac1 {[%emt 0:01:10]} Bg7 {[%emt 0:00:49]} 16. Bc5 {[%emt 0:04:33]} Bf8 {[%emt 0:00:29]} 17. Bxf8 {[%emt 0:00:24]} Kxf8 {[%emt 0:00:09]} 18. Rc3 {[%emt 0:00:02]} Nb8 {[%emt 0:01:38]} 19. Qf4 {[%emt 0:02:18]} Nc6 {[%emt 0:01:20]} 20. Qh6+ {[%emt 0:00:17]} Kg8 {[%emt 0:00:11]} 21. h4 {[%emt 0:00:13]} Qf8 {[%emt 0:00:08]} 22. Qf4 {[%emt 0:00:02]} h6 {[%emt 0:00:42]} 23. h5 {[%emt 0:01:03]} g5 {[%emt 0:00:05]} 24. Qg3 {[%emt 0:00:24]} f5 {[%emt 0:01:39]} 25. exf6 {[%emt 0:00:39]} Qxf6 {[%emt 0:00:01]} 26. Nh4 {[%emt 0:00:31]} e5 {[%emt 0:01:05]} 27. Ng6 {[%emt 0:00:05]} Rh7 {[%emt 0:00:01]} 28. f4 {[%emt 0:00:58]} exf4 {[%emt 0:01:01]} 29. Nxf4 {[%emt 0:00:01]} Qd4+ {[%emt 0:00:10]} 30. Kh2 {[%emt 0:00:07]} Rf7 {[%emt 0:00:02]} 31. Nxd5 {[%emt 0:00:38]} Be6 {[%emt 0:02:46]} 32. Nc7 {[%emt 0:00:52]} Rxf1 {[%emt 0:04:19]} 33. Bxf1 {[%emt 0:00:01]} Ne5 {[%emt 0:00:18]} 34. Nxe6 {[%emt 0:01:07]} Ng4+ {[%emt 0:00:04]} 35. Kh1 {[%emt 0:00:01]} Rf8 {[%emt 0:00:17]} 36. Rc8 {[%emt 0:00:20]} Nf2+ {[%emt 0:00:08]} 37. Qxf2 {[%emt 0:00:01]} 1-0

[Event "RUS-ch Men Rapid 2019"]
[Site "Sochi"]
[Date "2019.10.16"]
[Round "9.6"]
[White "Khegay, Dmitriy"]
[Black "Moiseenko, Vadim"]
[Result "0-1"]
[WhiteElo "2509"]
[BlackElo "2532"]
[Annotator "ChessBase"]
[PlyCount "62"]
[EventDate "2019.10.15"]
[EventType "swiss"]
[EventCountry "RUS"]
[SourceTitle "playchess.com"]
[Source "ChessBase"]
[SourceQuality "1"]
[TimeControl "900+10"]

1. e4 {[%emt 0:00:00]} e5 {[%emt 0:00:00]} 2. Nf3 {[%emt 0:00:00]} Nc6 {[%emt 0:00:00]} 3. Bc4 {[%emt 0:00:00]} Nf6 {[%emt 0:00:00]} 4. d3 {[%emt 0:00:00]} Be7 {[%emt 0:00:00]} 5. O-O {[%emt 0:00:02]} O-O {[%emt 0:00:00]} 6. a4 {[%emt 0:00:01]} d6 {[%emt 0:00:00]} 7. Re1 {[%emt 0:00:09]} Kh8 {[%emt 0:00:05]} 8. Nc3 {[%emt 0:00:05]} Ng8 {[%emt 0:00:06]} 9. h3 {[%emt 0:00:25]} f5 {[%emt 0:00:04]} 10. Nd5 {[%emt 0:00:01]} Nf6 {[%emt 0:00:20]} 11. Ng5 {[%emt 0:00:28]} Ng8 {[%emt 0:00:02]} 12. Nf3 {[%emt 0:06:15]} Nf6 {[%emt 0:00:01]} 13. c3 {[%emt 0:00:14]} Nxd5 {[%emt 0:01:17]} 14. Bxd5 {[%emt 0:00:01]} Bf6 {[%emt 0:00:01]} 15. Ba2 {[%emt 0:02:16]} fxe4 {[%emt 0:00:09]} 16. dxe4 {[%emt 0:00:01]} Qe8 {[%emt 0:00:23]} 17. Kh1 {[%emt 0:03:57]} a5 {[%emt 0:01:07]} 18. Be3 {[%emt 0:00:13]} Ne7 {[%emt 0:00:08]} 19. Nh2 {[%emt 0:01:00]} Qg6 {[%emt 0:00:39]} 20. Ng4 {[%emt 0:01:51]} Bh4 {[%emt 0:00:02]} 21. g3 {[%emt 0:00:27]} Bg5 {[%emt 0:00:15]} 22. Bxg5 {[%emt 0:00:03]} Qxg5 {[%emt 0:00:01]} 23. Kg2 {[%emt 0:00:18]} Ng6 {[%emt 0:00:15]} 24. Qc1 {[%emt 0:00:08]} Rf4 {[%emt 0:02:11]} 25. gxf4 {[%emt 0:00:44]} Nxf4+ {[%emt 0:00:03]} 26. Kf1 {[%emt 0:00:01]} Bxg4 {[%emt 0:00:51]} 27. hxg4 {[%emt 0:00:01]} Qh4 {[%emt 0:00:19]} 28. f3 {[%emt 0:00:13]} Rf8 {[%emt 0:01:18]} 29. Re3 {[%emt 0:00:01]} Rf6 {[%emt 0:01:16]} 30. Qd2 {[%emt 0:00:46]} Qh1+ {[%emt 0:00:09]} 31. Kf2 {[%emt 0:00:00]} Qg2+ {[%emt 0:00:03]} 0-1

[Event "RUS-ch Men Rapid 2019"]
[Site "Sochi"]
[Date "2019.10.16"]
[Round "9.7"]
[White "Glek, Igor"]
[Black "Lysyj, Igor"]
[Result "1/2-1/2"]
[WhiteElo "2467"]
[BlackElo "2596"]
[Annotator "ChessBase"]
[PlyCount "82"]
[EventDate "2019.10.15"]
[EventType "swiss"]
[EventCountry "RUS"]
[SourceTitle "playchess.com"]
[Source "ChessBase"]
[SourceQuality "1"]
[TimeControl "900+10"]

1. e4 {[%emt 0:00:46]} e5 {[%emt 0:00:00]} 2. Nf3 {[%emt 0:00:04]} Nc6 {[%emt 0:00:00]} 3. Nc3 {[%emt 0:00:11]} Nf6 {[%emt 0:00:00]} 4. g3 {[%emt 0:00:01]} Bc5 {[%emt 0:00:00]} 5. Bg2 {[%emt 0:00:01]} d6 {[%emt 0:00:01]} 6. d3 {[%emt 0:00:01]} a5 {[%emt 0:00:03]} 7. O-O {[%emt 0:00:04]} Be6 {[%emt 0:00:06]} 8. Ne2 {[%emt 0:01:35]} Bb6 {[%emt 0:00:41]} 9. d4 {[%emt 0:00:08]} Bg4 {[%emt 0:00:58]} 10. d5 {[%emt 0:01:30]} Ne7 {[%emt 0:00:10]} 11. h3 {[%emt 0:00:36]} Bd7 {[%emt 0:00:22]} 12. Nd2 {[%emt 0:01:00]} Qc8 {[%emt 0:02:47]} 13. Kh2 {[%emt 0:00:05]} h5 {[%emt 0:00:01]} 14. Nc4 {[%emt 0:00:26]} h4 {[%emt 0:00:19]} 15. g4 {[%emt 0:01:53]} Ba7 {[%emt 0:01:36]} 16. f4 {[%emt 0:03:38]} b5 {[%emt 0:02:39]} 17. Ne3 {[%emt 0:02:52]} Bxe3 {[%emt 0:00:07]} 18. Bxe3 {[%emt 0:00:02]} Bxg4 {[%emt 0:00:30]} 19. fxe5 {[%emt 0:00:09]} dxe5 {[%emt 0:00:02]} 20. Bg5 {[%emt 0:01:33]} Bh5 {[%emt 0:02:34]} 21. Bxf6 {[%emt 0:00:25]} gxf6 {[%emt 0:00:01]} 22. Rxf6 {[%emt 0:00:03]} Ra6 {[%emt 0:00:04]} 23. Rxa6 {[%emt 0:00:22]} Qxa6 {[%emt 0:00:01]} 24. Qd3 {[%emt 0:00:05]} Qb6 {[%emt 0:01:08]} 25. Rf1 {[%emt 0:00:11]} Bg6 {[%emt 0:01:02]} 26. Nc3 {[%emt 0:00:15]} b4 {[%emt 0:00:22]} 27. Na4 {[%emt 0:00:27]} Qd6 {[%emt 0:00:42]} 28. Qb5+ {[%emt 0:00:06]} Kf8 {[%emt 0:00:01]} 29. Qxa5 {[%emt 0:00:26]} Kg7 {[%emt 0:00:07]} 30. Qc5 {[%emt 0:00:24]} f5 {[%emt 0:00:31]} 31. Qxd6 {[%emt 0:00:20]} cxd6 {[%emt 0:00:01]} 32. Nb6 {[%emt 0:00:10]} fxe4 {[%emt 0:00:22]} 33. Re1 {[%emt 0:00:09]} e3 {[%emt 0:01:19]} 34. Nc4 {[%emt 0:00:12]} Rc8 {[%emt 0:00:37]} 35. b3 {[%emt 0:00:16]} Ra8 {[%emt 0:00:49]} 36. Nxd6 {[%emt 0:00:17]} Rxa2 {[%emt 0:00:03]} 37. Nc4 {[%emt 0:00:00]} Rxc2 {[%emt 0:00:31]} 38. d6 {[%emt 0:00:08]} Nc6 {[%emt 0:00:01]} 39. Nxe3 {[%emt 0:00:02]} Ra2 {[%emt 0:00:21]} 40. Kg1 {[%emt 0:00:07]} e4 {[%emt 0:00:09]} 41. Rc1 {[%emt 0:00:09]} Ne5 {[%emt 0:00:07]} 1/2-1/2

[Event "RUS-ch Men Rapid 2019"]
[Site "Sochi"]
[Date "2019.10.16"]
[Round "9.8"]
[White "Samusenko, Maksim"]
[Black "Sakaev, Konstantin"]
[Result "1/2-1/2"]
[WhiteElo "2445"]
[BlackElo "2595"]
[Annotator "ChessBase"]
[PlyCount "38"]
[EventDate "2019.10.15"]
[EventType "swiss"]
[EventCountry "RUS"]
[SourceTitle "playchess.com"]
[Source "ChessBase"]
[SourceQuality "1"]
[TimeControl "900+10"]

1. e4 {[%emt 0:00:00]} c5 {[%emt 0:00:00]} 2. Nf3 {[%emt 0:00:00]} d6 {[%emt 0:00:00]} 3. d4 {[%emt 0:00:00]} cxd4 {[%emt 0:00:00]} 4. Nxd4 {[%emt 0:00:00]} Nf6 {[%emt 0:00:00]} 5. Nc3 {[%emt 0:00:00]} a6 {[%emt 0:00:00]} 6. f4 {[%emt 0:00:02]} Qc7 {[%emt 0:00:53]} 7. Bd3 {[%emt 0:00:23]} g6 {[%emt 0:00:07]} 8. O-O {[%emt 0:00:27]} Bg7 {[%emt 0:00:02]} 9. Kh1 {[%emt 0:00:10]} Nbd7 {[%emt 0:00:41]} 10. Nf3 {[%emt 0:00:09]} O-O {[%emt 0:01:42]} 11. Qe1 {[%emt 0:00:33]} b5 {[%emt 0:01:20]} 12. e5 {[%emt 0:03:02]} dxe5 {[%emt 0:00:13]} 13. fxe5 {[%emt 0:00:05]} Ng4 {[%emt 0:00:02]} 14. Nd5 {[%emt 0:03:40]} Qc5 {[%emt 0:00:32]} 15. Qe4 {[%emt 0:02:30]} Ndxe5 {[%emt 0:00:32]} 16. Nxe5 {[%emt 0:02:51]} Nxe5 {[%emt 0:01:21]} 17. Bg5 {[%emt 0:01:33]} Be6 {[%emt 0:00:11]} 18. Nxe7+ {[%emt 0:01:08]} Kh8 {[%emt 0:00:01]} 19. Qh4 {[%emt 0:00:10]} Bc4 {[%emt 0:07:19]} 1/2-1/2

[Event "RUS-ch Men Rapid 2019"]
[Site "Sochi"]
[Date "2019.10.16"]
[Round "9.9"]
[White "Tekeyev, Zaur"]
[Black "Pridorozhni, Aleksei"]
[Result "0-1"]
[WhiteElo "2384"]
[BlackElo "2599"]
[Annotator "ChessBase"]
[PlyCount "127"]
[EventDate "2019.10.15"]
[EventType "swiss"]
[EventCountry "RUS"]
[SourceTitle "playchess.com"]
[Source "ChessBase"]
[SourceQuality "1"]
[TimeControl "900+10"]

1. e4 {[%emt 0:00:18]} c5 {[%emt 0:00:00]} 2. Nf3 {[%emt 0:00:04]} e6 {[%emt 0:00:00]} 3. d4 {[%emt 0:00:08]} cxd4 {[%emt 0:00:00]} 4. Nxd4 {[%emt 0:00:02]} Nf6 {[%emt 0:00:00]} 5. Nc3 {[%emt 0:00:02]} Nc6 {[%emt 0:00:00]} 6. Ndb5 {[%emt 0:00:14]} Bc5 {[%emt 0:00:01]} 7. Bf4 {[%emt 0:00:02]} O-O {[%emt 0:00:03]} 8. Bc7 {[%emt 0:00:02]} Qe7 {[%emt 0:00:01]} 9. Bd6 {[%emt 0:00:01]} Bxd6 {[%emt 0:00:02]} 10. Qxd6 {[%emt 0:00:02]} Qd8 {[%emt 0:00:01]} 11. O-O-O {[%emt 0:01:59]} a6 {[%emt 0:00:27]} 12. Nd4 {[%emt 0:04:08]} Qb6 {[%emt 0:00:06]} 13. f3 {[%emt 0:03:03]} Ne8 {[%emt 0:01:25]} 14. Na4 {[%emt 0:00:05]} Qa5 {[%emt 0:00:03]} 15. Nxc6 {[%emt 0:00:11]} bxc6 {[%emt 0:00:03]} 16. Qd4 {[%emt 0:01:16]} d5 {[%emt 0:00:24]} 17. b3 {[%emt 0:00:58]} Nf6 {[%emt 0:00:08]} 18. Qc5 {[%emt 0:00:30]} Qc7 {[%emt 0:00:46]} 19. Bd3 {[%emt 0:00:49]} Nd7 {[%emt 0:00:13]} 20. Qe7 {[%emt 0:00:55]} Bb7 {[%emt 0:01:12]} 21. Kb1 {[%emt 0:00:58]} Rfe8 {[%emt 0:00:51]} 22. Qh4 {[%emt 0:00:01]} Nf8 {[%emt 0:00:03]} 23. Nc5 {[%emt 0:00:19]} Qb6 {[%emt 0:00:09]} 24. Na4 {[%emt 0:00:28]} Qa7 {[%emt 0:00:04]} 25. Rhe1 {[%emt 0:00:21]} a5 {[%emt 0:00:13]} 26. f4 {[%emt 0:00:33]} c5 {[%emt 0:01:30]} 27. exd5 {[%emt 0:00:34]} Bxd5 {[%emt 0:00:04]} 28. Bb5 {[%emt 0:00:52]} Rec8 {[%emt 0:00:52]} 29. Qf2 {[%emt 0:00:35]} Qb7 {[%emt 0:00:28]} 30. c4 {[%emt 0:00:08]} Bxg2 {[%emt 0:00:04]} 31. Nxc5 {[%emt 0:00:20]} Qa7 {[%emt 0:00:15]} 32. Nd3 {[%emt 0:00:07]} Qxf2 {[%emt 0:00:12]} 33. Nxf2 {[%emt 0:00:01]} Ng6 {[%emt 0:00:02]} 34. f5 {[%emt 0:00:06]} exf5 {[%emt 0:00:09]} 35. Bd7 {[%emt 0:00:01]} Rd8 {[%emt 0:01:28]} 36. Bxf5 {[%emt 0:00:01]} Nf4 {[%emt 0:00:02]} 37. Bd7 {[%emt 0:00:25]} Nd5 {[%emt 0:00:39]} 38. cxd5 {[%emt 0:00:21]} Rxd7 {[%emt 0:00:01]} 39. d6 {[%emt 0:00:12]} Rad8 {[%emt 0:00:41]} 40. Re5 {[%emt 0:00:13]} f6 {[%emt 0:00:06]} 41. Rxa5 {[%emt 0:00:07]} Rxd6 {[%emt 0:00:02]} 42. Rxd6 {[%emt 0:00:05]} Rxd6 {[%emt 0:00:01]} 43. Kc2 {[%emt 0:00:08]} g5 {[%emt 0:00:11]} 44. a4 {[%emt 0:00:15]} h5 {[%emt 0:00:12]} 45. Kc3 {[%emt 0:00:13]} Kf7 {[%emt 0:00:04]} 46. b4 {[%emt 0:00:08]} Kg6 {[%emt 0:00:07]} 47. b5 {[%emt 0:00:17]} g4 {[%emt 0:00:03]} 48. Nd3 {[%emt 0:00:04]} Be4 {[%emt 0:00:25]} 49. Nc5 {[%emt 0:00:08]} Bf3 {[%emt 0:00:13]} 50. Ra7 {[%emt 0:00:17]} h4 {[%emt 0:00:20]} 51. Nd3 {[%emt 0:00:11]} h3 {[%emt 0:00:54]} 52. Re7 {[%emt 0:00:06]} g3 {[%emt 0:00:40]} 53. Nf4+ {[%emt 0:00:14]} Kf5 {[%emt 0:00:04]} 54. Nxh3 {[%emt 0:00:06]} gxh2 {[%emt 0:00:03]} 55. Nf2 {[%emt 0:00:07]} Kf4 {[%emt 0:00:05]} 56. Re1 {[%emt 0:00:14]} Kg3 {[%emt 0:00:08]} 57. Nh1+ {[%emt 0:00:04]} Kg2 {[%emt 0:00:53]} 58. a5 {[%emt 0:00:07]} f5 {[%emt 0:00:05]} 59. b6 {[%emt 0:00:20]} Bb7 {[%emt 0:00:05]} 60. Kc4 {[%emt 0:00:09]} f4 {[%emt 0:00:15]} 61. Re7 {[%emt 0:00:11]} Ba6+ {[%emt 0:00:19]} 62. Kc5 {[%emt 0:00:01]} Rh6 {[%emt 0:00:01]} 63. Re1 {[%emt 0:00:21]} f3 {[%emt 0:00:05]} 64. Kd4 0-1

[Event "RUS-ch Men Rapid 2019"]
[Site "Sochi"]
[Date "2019.10.16"]
[Round "9.10"]
[White "Khismatullin, Denis"]
[Black "Apryshko, Gleb"]
[Result "1-0"]
[WhiteElo "2611"]
[BlackElo "2382"]
[Annotator "TA"]
[PlyCount "67"]
[EventDate "2019.10.15"]
[EventType "swiss"]
[EventCountry "RUS"]
[SourceTitle "playchess.com"]
[Source "ChessBase"]
[SourceQuality "1"]

{[%evp 9,67,46,63,44,58,60,57,51,55,49,56,51,61,38,60,48,80,81,83,84,100,102,96,97,100,96,154,95,98,95,94,89,122,76,76,59,183,175,208,184,235,159,175,174,185,197,368,353,1107,1095,1180,1180,1171,1164,1104,1099,29988,29989,29988,29989]} 1. d4 g6 2. e4 Bg7 3. c4 Nc6 4. Nf3 d6 5. d5 Nb8 6. Bd3 {A40: Unusual replies to 1 d4} Nf6 7. Nc3 O-O 8. O-O {White is slightly better.} e6 (8... Bg4 9. Be2 Nfd7 10. Bg5 a5 11. Nd2 Bxe2 12. Qxe2 c6 13. Kh1 a4 14. a3 Nc5 {½-½ (72) Kasimdzhanov,R (2676)-Carlsen,M (2827) Douglas 2017}) 9. h3 a5 10. Bg5 $146 ({Predecessor:} 10. Be3 Na6 11. a3 Nd7 12. Nd4 e5 13. Ndb5 f5 14. exf5 gxf5 15. f4 Ndc5 {1-0 (23) Gorovets,A (2523)-Vijay,K (2198) Las Vegas 2017}) 10... Na6 11. Qd2 Qe8 12. dxe6 Qxe6 13. Rfe1 Nd7 14. Nd5 {[%cal Bc3d5,Bd5e7,Be7f5,Bf5d4][%mdl 32]} c6 15. Ne7+ ({Reject} 15. Qxa5 $6 Ndc5 $11) 15... Kh8 {[#]} 16. Nf5 $1 {[%cal Rf5g7]} Bf6 17. Bh6 ({Inferior is} 17. Qxa5 Bxg5 18. N5d4 (18. Nxg5 Qe5 $17) 18... Bd8 $17) 17... Rd8 {[#]} ({Black should play} 17... Rg8) 18. Ng5 (18. Rad1 $142 $1) 18... Bxg5 $16 19. Qxg5 f6 20. Qg3 Ne5 21. Nd4 Qf7 22. Bf1 $36 {[%mdl 2048] White fights for an advantage.} Nxc4 (22... g5 $14) 23. b3 $18 Nb6 24. Rad1 a4 (24... Nc7 {was worth a try.} 25. Be3 c5) 25. f4 axb3 26. axb3 Nc5 27. e5 dxe5 $2 (27... Re8) 28. fxe5 f5 $2 {[#]} (28... Bf5 29. Nxf5 Rxd1 30. Bg7+ {[%mdl 64] Double Attack} (30. Rxd1 gxf5 31. exf6 Nd5 $16) 30... Kg8 31. Nh6+ (31. Rxd1 Ne4 $18) (31. exf6 gxf5 32. Bh6+ Kh8 $16) 31... Kxg7 32. Nxf7 Rxe1 33. Qxe1 Kxf7) 29. e6 $1 {[%mdl 512]} Nxe6 30. Nxe6 Bxe6 31. Rxd8+ Rxd8 {[#]} 32. Rxe6 $1 {[%mdl 512] Black must now prevent Qe5+.} Nd5 (32... Qxe6 33. Qc3+) 33. Qe5+ Kg8 34. Bc4 {Accuracy: White = 62%, Black = 38%.} 1-0

[Event "RUS-ch Men Rapid 2019"]
[Site "Sochi"]
[Date "2019.10.16"]
[Round "9.11"]
[White "Zakaryan, David"]
[Black "Drygalov, Andrey"]
[Result "1/2-1/2"]
[WhiteElo "2338"]
[BlackElo "2484"]
[Annotator "ChessBase"]
[PlyCount "78"]
[EventDate "2019.10.15"]
[EventType "swiss"]
[EventCountry "RUS"]
[SourceTitle "playchess.com"]
[Source "ChessBase"]
[SourceQuality "1"]
[TimeControl "900+10"]

1. e4 {[%emt 0:00:00]} c5 {[%emt 0:00:00]} 2. Nc3 {[%emt 0:00:05]} d6 {[%emt 0:00:00]} 3. d4 cxd4 {[%emt 0:00:00]} 4. Qxd4 {[%emt 0:00:05]} Nc6 {[%emt 0:00:00]} 5. Bb5 {[%emt 0:00:02]} Bd7 {[%emt 0:00:10]} 6. Bxc6 {[%emt 0:00:02]} Bxc6 {[%emt 0:00:01]} 7. Nf3 {[%emt 0:00:05]} Nf6 {[%emt 0:00:06]} 8. Bg5 {[%emt 0:00:02]} e6 {[%emt 0:00:01]} 9. O-O-O {[%emt 0:00:02]} Be7 {[%emt 0:00:01]} 10. Rhe1 {[%emt 0:00:03]} Qa5 {[%emt 0:00:25]} 11. Qd2 {[%emt 0:00:02]} h6 {[%emt 0:01:26]} 12. Bh4 {[%emt 0:00:52]} Rd8 {[%emt 0:00:49]} 13. Kb1 {[%emt 0:00:12]} e5 {[%emt 0:01:32]} 14. Bxf6 {[%emt 0:00:11]} Bxf6 {[%emt 0:00:01]} 15. Nd5 {[%emt 0:00:01]} Qxd2 {[%emt 0:00:02]} 16. Rxd2 {[%emt 0:00:02]} Bxd5 {[%emt 0:00:07]} 17. Rxd5 {[%emt 0:00:02]} Ke7 {[%emt 0:00:14]} 18. Red1 {[%emt 0:00:06]} Ke6 {[%emt 0:00:02]} 19. Nd2 {[%emt 0:00:12]} Rd7 {[%emt 0:00:46]} 20. Nc4 {[%emt 0:00:01]} Rhd8 {[%emt 0:00:02]} 21. g3 {[%emt 0:00:11]} g6 {[%emt 0:01:58]} 22. f4 {[%emt 0:01:05]} Bg7 {[%emt 0:00:01]} 23. a4 {[%emt 0:01:10]} f5 {[%emt 0:00:25]} 24. exf5+ {[%emt 0:00:01]} gxf5 {[%emt 0:00:01]} 25. c3 {[%emt 0:00:40]} h5 {[%emt 0:01:05]} 26. Kc2 {[%emt 0:00:12]} h4 {[%emt 0:00:18]} 27. b4 {[%emt 0:00:19]} exf4 {[%emt 0:01:33]} 28. gxf4 {[%emt 0:00:03]} Rc7 {[%emt 0:00:38]} 29. Kb3 {[%emt 0:00:08]} Rdc8 {[%emt 0:00:36]} 30. Rxd6+ {[%emt 0:00:50]} Ke7 {[%emt 0:00:02]} 31. Ne5 {[%emt 0:06:52]} Bxe5 {[%emt 0:00:13]} 32. fxe5 {[%emt 0:00:02]} Rxc3+ {[%emt 0:00:00]} 33. Kb2 {[%emt 0:00:02]} Rc2+ {[%emt 0:00:02]} 34. Kb1 {[%emt 0:00:00]} Rxh2 {[%emt 0:00:10]} 35. Rg1 {[%emt 0:01:10]} Re2 {[%emt 0:03:43]} 36. Rg7+ {[%emt 0:00:27]} Kf8 {[%emt 0:00:02]} 37. Rxb7 {[%emt 0:00:56]} Re1+ {[%emt 0:00:03]} 38. Kb2 {[%emt 0:00:01]} Re2+ {[%emt 0:00:01]} 39. Kb1 {[%emt 0:00:01]} Re1+ {[%emt 0:00:01]} 1/2-1/2

[Event "RUS-ch Men Rapid 2019"]
[Site "Sochi"]
[Date "2019.10.16"]
[Round "9.12"]
[White "Ponkratov, Pavel"]
[Black "Belozerov, Andrei"]
[Result "1-0"]
[WhiteElo "2621"]
[BlackElo "2515"]
[Annotator "TA"]
[PlyCount "85"]
[EventDate "2019.10.15"]
[EventType "swiss"]
[EventCountry "RUS"]
[SourceTitle "playchess.com"]
[Source "ChessBase"]
[SourceQuality "1"]

{[%evp 9,85,-13,0,1,10,0,1,2,6,11,34,49,63,-20,-15,-30,-35,-31,-9,-78,-54,-60,-58,-58,14,7,15,15,16,9,9,3,12,0,0,0,26,33,20,49,114,114,114,95,157,131,201,215,214,202,201,168,262,262,330,328,385,381,466,437,549,538,592,212,774,770,901,880,29984,29985,29985,29984,29990,29989,29989,29990,29990,29991]} 1. c4 c6 2. d4 d5 3. Nf3 Nf6 4. Nc3 dxc4 5. g3 g6 (5... b5 6. Bg2 e6 7. O-O Bb7 8. e4 Be7 9. e5 Nd5 10. a4 a6 11. Ne4 Nd7 12. Bg5 O-O 13. h4 h6 14. Bxe7 Qxe7 15. Nd6 Rab8 {0-1 (32) Andreikin,D (2725)-Andriasian,Z (2604) chess.com INT 2019}) 6. Ne5 {D15: Slav Defence: 4 Nc3 a6 and gambit lines after 4 Nc3 dxc4} Be6 7. e4 b5 $146 ({Predecessor:} 7... Bg7 8. Bxc4 Bxc4 9. Nxc4 O-O 10. Be3 Nxe4 11. Nxe4 Qd5 12. Ncd2 f5 13. f3 fxe4 14. fxe4 {0-1 (59) Bykov,E (2292)-Kharchenko,B (2464) St Petersburg 2016}) 8. Bg2 {The position is equal.} Bg7 9. d5 cxd5 10. exd5 Nxd5 11. Nxd5 (11. f4 $1 $14) 11... Bxe5 $11 12. Nf4 Nd7 13. Nxe6 fxe6 14. Bxa8 (14. Qe2 $11) 14... Qxa8 $17 15. O-O Qd5 16. Qe2 {[#] Black must now prevent Rd1.} Bd4 (16... Nc5 $15) 17. Be3 $11 e5 18. a4 a6 $1 19. axb5 axb5 20. Rfd1 O-O 21. Ra7 $36 {[%cal Ba1a7,Ba7c7,Bc7c8][%mdl 2080] White has good play.} ({Much weaker is} 21. Qd2 Nc5 $17) 21... e6 22. Qg4 {[%cal Re3d4]} Rf7 23. Rc7 {Strongly threatening Rc8+.} ({But not} 23. Bxd4 Nf6 $17) 23... Nf6 24. Rc8+ Kg7 (24... Rf8 $14 25. Rxf8+ Kxf8) 25. Qh4 $16 {[%csl Ge3][%cal Rh4h6] [#]} h5 {And now ...Qf3 would win.} 26. Bxd4 {aiming for Rc5.} exd4 (26... Rd7 $142) 27. Qxd4 Qxd4 (27... Rb7 $16 {keeps fighting.} 28. Rc5 Qxd4 29. Rxd4 Nd5) 28. Rxd4 {[%mdl 4096] Endgame KRR-KRN} Ng4 29. Rd2 Ne5 {...Nf3+ is the strong threat.} 30. Re2 Nd3 (30... Nf3+ $142 31. Kg2 Nd4) 31. Rb8 $18 b4 32. Rc8 ({Less strong is} 32. Rxe6 b3 $18) 32... Ra7 33. Rxc4 Ra1+ 34. Kg2 Ne1+ 35. Kh3 g5 {intending ...Nf3.} 36. g4 $2 (36. Rxe6 Nf3 37. g4) 36... Nf3 $2 (36... Nd3 37. Rxe6 Nf4+ 38. Rxf4 gxf4 39. gxh5 Rb1) 37. Re3 Nh4 38. Rxe6 Rd1 39. Rc7+ {White mates.} Kf8 40. gxh5 Rd2 41. Rf6+ Ke8 42. h6 Rd3+ 43. Kg4 {Accuracy: White = 64%, Black = 24%.} 1-0